|
|
|
|
| LEADER |
00964nam a2200265 a 4500 |
| 001 |
4617651 |
| 003 |
BD-DhAAL |
| 005 |
20231206121940.0 |
| 008 |
110721r19801976enkab d 000 0 eng |
| 010 |
|
|
|a 77368512
|
| 020 |
|
|
|a 0582555124 :
|c £5.50
|
| 040 |
|
|
|a DLC
|c DLC
|d DLC
|d BD-DhAAL
|
| 082 |
0 |
0 |
|a 032
|
| 245 |
0 |
0 |
|a Longman modern English dictionary /
|c editor Owen Watson.
|
| 250 |
|
|
|a Second edition [rev.].
|
| 260 |
|
|
|a London :
|b Longman,
|c 1976 [reprinted 1980].
|
| 300 |
|
|
|a xv, 1286 pages :
|b ill., maps ;
|c 24 cm.
|
| 500 |
|
|
|a First published in 1968 under title: Longmans English Larousse.
|
| 541 |
|
|
|e 00000980
|
| 650 |
|
0 |
|a Encyclopedias and dictionaries.
|
| 700 |
1 |
|
|a Watson, Owen.
|9 55805
|
| 852 |
1 |
|
|a Ayesha Abed Library
|c Reference Shelf.
|
| 942 |
|
|
|2 ddc
|c BK
|
| 999 |
|
|
|c 11124
|d 11124
|
| 952 |
|
|
|0 0
|1 0
|2 ddc
|4 0
|6 032_LON
|7 1
|9 17565
|a BRACUL
|b BRACUL
|c REF
|d 2011-07-21
|g 0.00
|l 0
|o 032 LON
|p 3010000980
|r 2011-07-21
|t 1
|w 2011-07-21
|y BK
|z Not price in Register
|